Wszyscy zdobywcy Ligi Europy (Puchar UEFA) - Statystyki

Ogólne statystyki
  • Ten quiz został rozwiązany 179 razy
  • Średni wynik to 34 z 52
Statystyki odpowiedzi
Hint Odpowiedź % Poprawnych
05/06 Sevilla
92%
06/07 Sevilla
92%
13/14 Sevilla
92%
14/15 Sevilla
92%
15/16 Sevilla
92%
19/20 Sevilla
92%
22/23 Sevilla
92%
16/17 Manchester United
89%
84/85 Real Madryt
88%
85/86 Real Madryt
88%
12/13 Chelsea
81%
18/19 Chelsea
81%
09/10 Atletico Madryt
80%
11/12 Atletico Madryt
80%
17/18 Atletico Madryt
80%
72/73 Liverpool
80%
75/76 Liverpool
80%
00/01 Liverpool
80%
90/91 Inter Mediolan`
76%
93/94 Inter Mediolan
76%
97/98 Inter Mediolan
76%
87/88 Bayer Leverkusen
75%
76/77 Juventus
75%
89/90 Juventus
75%
92/93 Juventus
75%
74/75 Borussia Monchengladbach
69%
78/79 Borussia Monchengladbach
69%
91/92 Ajax Amsterdam
68%
95/96 Bayern Monachium
65%
02/03 Porto
65%
10/11 Porto
65%
77/78 PSV
61%
88/89 Napoli
59%
83/84 Tottenham
58%
20/21 Villareal
58%
03/04 Valencia
55%
73/74 Feyenoord
54%
01/02 Feyenoord
54%
71/72 Tottenham
54%
07/08 Zenit
54%
79/80 Eintrach Frankfurt
51%
08/09 Szachtar Donieck
50%
04/05 CSKA Moskwa
46%
99/00 Galatasaray
40%
82/83 Anderlecht
39%
96/97 Schalke
38%
94/95 Parma
37%
98/99 Parma
37%
21/22 Eintracht Frankfurt
34%
81/82 IFK Goteborg
26%
86/87 IFK Goteborg
26%
80/81 Ipswich Town
22%
Nie znaleziono quizów pasujących do podanych kryteriów
Rozkład punktacji
Procent ludzi z każdym wynikiem
Percentyl według liczby udzielonych odpowiedzi
Twoja historia wyników
Nie rozwiązałeś tego quizu